| 000 | 00376nam a22001457a 4500 | ||
|---|---|---|---|
| 003 | OSt | ||
| 005 | 20220218092901.0 | ||
| 008 | 220218b |||||||| |||| 00| 0 eng d | ||
| 020 | _a9788177588217 | ||
| 040 | _cHU | ||
| 082 | _a658.5752 | ||
| 100 |
_aOtto _930787 |
||
| 245 | _aProduct Design Techniques In Reverse Engineering & New Product Development | ||
| 942 |
_2ddc _cBOOKS _n0 |
||
| 999 |
_c30732 _d30732 |
||